[Event "Saint Louis Invitational A 2017"]
[Site "Saint Louis"]
[Date "2017.11.20"]
[Round "5"]
[White "Hambleton, Aman"]
[Black "Bartholomew, John"]
[Result "1/2-1/2"]
[WhiteElo "2484"]
[BlackElo "2442"]
[Annotator "TA"]
[PlyCount "81"]
[EventDate "2017.??.??"]
[EventType "tourn"]
[EventCountry "USA"]
[SourceTitle "playchess.com"]
[Source "ChessBase"]
[SourceQuality "1"]

{[%evp 9,81,-2,9,18,22,0,27,22,26,0,0,0,17,0,1,0,0,-20,0,0,0,0,0,0,0,0,0,0,9,9,9,4,50,47,54,45,44,16,19,16,22,8,14,0,0,0,0,0,0,0,0,0,0,0,0,0,0,0,0,0,0,0,0,0,0,0,0,0,0,0,0,0,0,0]} 1. d4 d5 2. Bf4 Nf6 3. e3 Bg4 4. Nf3 e6 5. c4 (5. Nbd2 Bd6 6. Be2 Bxf4 7. exf4 O-O 8. Ne5 Bxe2 9. Qxe2 Nbd7 10. O-O c5 11. Ndf3 Rc8 12. c3 Ne4 13. Nxd7 Qxd7 {½-½ (57) Lalith,B (2525)-Himanshu,S (2510) Patna 2017}) 5... dxc4 6. Bxc4 {D02: 1 d4 d5 2 Nf3 sidelines, including 2...Nf6 3 g3 and 2...Nf6 3 Bf4} Nbd7 $146 ({Predecessor:} 6... c6 7. Qb3 Qb6 8. Ne5 Bf5 9. Nc3 Nbd7 10. Nxd7 Nxd7 11. e4 Qxb3 12. Bxb3 Bg6 {1-0 (25) Kvisla,J (2258)-Bjugn,G (1825) Bergen 2017}) 7. Qb3 Bxf3 8. gxf3 {White has an edge.} Nb6 9. Rg1 Nxc4 10. Qxc4 c6 11. Nc3 (11. Be5 {is more complex.} Nd5 12. Nd2 f6 13. Bg3 Kf7 14. O-O-O) 11... Nd5 12. Be5 Nxc3 13. Qxc3 f6 14. Bf4 g5 15. Bg3 Qd5 16. e4 Qb5 17. O-O-O O-O-O 18. f4 g4 19. Bh4 Be7 $1 20. Rxg4 {Hoping for Rg7.} f5 {[#] White must now prevent ...Bb4.} 21. Bxe7 fxg4 22. Bxd8 Rxd8 $14 {[%mdl 4096] Endgame KQR-KQR} 23. h3 h5 {The position is equal.} 24. hxg4 hxg4 25. Qe3 Rh8 26. f5 Rh3 27. Qf4 Qc4+ 28. Kb1 Qe2 29. Rc1 Rf3 30. Qxg4 exf5 31. exf5 Qd3+ 32. Ka1 Qxf5 33. Qxf5+ Rxf5 $11 {KR-KR} 34. Rc2 Kd7 35. Kb1 Kd6 36. Rd2 Kd5 37. Kc2 Rf4 38. Kc3 Rf3+ 39. Kc2 Rf4 40. Kc3 Rf3+ 41. Kc2 {Precision: White = 67%, Black = 79%.} 1/2-1/2

[Event "Saint Louis Invitational A 2017"]
[Site "Saint Louis"]
[Date "2017.11.20"]
[Round "5"]
[White "Gurevich, Daniel"]
[Black "Chirila, Ioan-Cristian"]
[Result "1/2-1/2"]
[WhiteElo "2471"]
[BlackElo "2557"]
[Annotator "TA"]
[PlyCount "119"]
[EventDate "2017.??.??"]
[EventType "tourn"]
[EventCountry "USA"]
[SourceTitle "playchess.com"]
[Source "ChessBase"]
[SourceQuality "1"]

{[%evp 21,119,28,35,15,32,39,41,19,32,14,27,3,14,0,0,-14,0,-22,-8,-26,-12,-19,-24,-15,-19,-21,0,0,0,0,0,0,0,-25,-8,-8,-8,-54,-54,-75,-29,-61,-52,-54,0,-27,-15,-18,-16,-27,-27,-18,-23,-36,-7,0,0,0,0,-8,0,0,0,-8,-8,-8,0,0,33,0,0,0,0,0,0,0,0,0,0,0,0,0,0,0,0,0,0,0,0,0,0,0,0,0,0,0,0,0,0,0]} 1. Nf3 Nf6 2. c4 g6 3. Nc3 d5 4. cxd5 Nxd5 5. e4 Nxc3 6. dxc3 Qxd1+ 7. Kxd1 f6 8. Be3 e5 9. Nd2 Be6 10. Bc4 Kf7 11. Kc2 Nd7 12. Rad1 {A16: English Opening: 1...Nf6 with ...d5} Nb6 13. Bxe6+ Kxe6 14. b3 $146 {White is slightly better.} ({Predecessor:} 14. Kb3 Nd7 15. Kc2 Bc5 16. Rhe1 Rhd8 17. Nb3 Bxe3 18. Rxe3 b6 19. Red3 Ke7 {½-½ (41) Ornstein,A (2311)-Turov,M (2593) Stockholm 2014}) 14... Nc8 15. f3 Nd6 16. c4 b6 17. Nb1 Nb7 18. Nc3 c6 19. g3 Bb4 20. Kb2 Rad8 21. a3 Bc5 22. Bxc5 Nxc5 23. b4 Nd3+ (23... Nb7 {keeps more tension.} 24. Kb3 h5 25. h4 Rhf8 26. Ne2 Nd6) 24. Kc2 Nf2 25. Rxd8 Rxd8 $11 {[%mdl 4096] Endgame KRN-KRN} 26. Rf1 Nh3 $1 27. Nd1 f5 28. exf5+ gxf5 29. Ne3 f4 30. gxf4 exf4 31. Ng4 h5 32. Nf2 Ng5 (32... Nxf2 $15 33. Rxf2 Rd4) 33. h4 Nxf3 34. Nh3 Nd4+ 35. Kb2 f3 36. Ng5+ Kf5 37. Nxf3 Kg4 (37... Nxf3 {looks sharper.} 38. Rxf3+ Kg4 39. Rf7 Ra8 40. c5 Kxh4 41. Rg7 bxc5 42. bxc5 Rc8) 38. Ne5+ $1 Kg3 39. Rg1+ Kh3 40. Rh1+ Kg3 41. Rg1+ Kh3 42. Rh1+ Kg2 43. Rd1 Ne6 44. Re1 Nf4 (44... Nd4 {is more complex.} 45. Kc3 Rd6 46. Nd3 Kf3 47. Re5 Ne2+) 45. Re4 Re8 {[#] Strongly threatening ...Nd3+!The position is equal.} 46. Rxf4 Rxe5 {KR-KR} 47. Rf7 a5 48. Rf6 axb4 49. axb4 c5 50. Rxb6 {[#] Hoping for Rb5.} cxb4 51. Rxb4 Re4 52. Kc3 {Threatens to win with c5.} Rxh4 53. Rb2+ Kg3 54. c5 {c6 is the strong threat.} Ra4 55. Rb3 h4 {And now ...h3 would win.} 56. c6 Ra8 57. Kd4+ Kg2 58. Rb2+ Kg3 59. Rb3+ Kg2 60. Rb2+ {Precision: White = 43%, Black = 59%.} 1/2-1/2

[Event "Saint Louis Invitational A 2017"]
[Site "Saint Louis"]
[Date "2017.11.20"]
[Round "5"]
[White "Sturt, Raven"]
[Black "Sadorra, Julio-Catalino"]
[Result "1/2-1/2"]
[WhiteElo "2449"]
[BlackElo "2558"]
[Annotator "TA"]
[PlyCount "164"]
[EventDate "2017.??.??"]
[EventType "tourn"]
[EventCountry "USA"]
[SourceTitle "playchess.com"]
[Source "ChessBase"]
[SourceQuality "1"]

{[%evp 15,164,12,23,-6,-2,-17,-12,0,0,-2,0,-25,-10,-19,-29,-25,-9,-52,-66,-52,-53,-53,-53,-53,-57,-75,-34,-69,0,0,0,0,0,6,25,18,15,24,22,15,9,9,10,8,8,8,15,14,28,0,0,0,0,0,0,0,0,0,0,0,0,0,0,0,0,0,0,0,0,0,0,0,0,0,0,0,0,0,0,0,0,0,0,0,0,0,0,0,0,0,0,0,0,0,0,0,0,0,0,0,0,0,0,0,0,0,0,0,0,0,0,0,0,0,0,0,0,0,0,0,0,0,0,0,0,0,0,0,0,0,0,0,0,0,0,0,0,0,0,0,0,0,0,0,0,0,0,0,0,0,0]} 1. d4 e6 2. Nf3 f5 3. g3 Nf6 4. Bg2 d5 5. c4 Bd6 6. O-O O-O 7. Nc3 c6 8. Rb1 Nbd7 {LiveBook: 4 Games. A90: Dutch Defence: Miscellaneous and Modern Stonewall (with ...Bd6)} (8... Ne4 9. Qc2 a5 10. a3 Qe7 11. c5 Bc7 12. Bf4 Bxf4 13. gxf4 Bd7 14. b4 Be8 15. Ne5 Nd7 16. Nd3 Ndf6 17. f3 Nxc3 18. Qxc3 {0-1 (44) Jakovenko,D (2704)-Vallejo Pons,F (2711) Doha 2016}) 9. Qd3 Ne4 10. Bf4 $146 ({Predecessor:} 10. b4 dxc4 11. Qxc4 Nb6 12. Qd3 Nxc3 13. Qxc3 Nd5 14. Qd2 a6 15. Ne5 f4 {1-0 (35) Fabeta,T (1797)-Lorger,I (1778) Bjelolasica 2009}) 10... Bxf4 11. gxf4 Rf6 12. Qe3 Rh6 13. Nxe4 fxe4 14. Ne5 Nxe5 15. fxe5 Bd7 16. f3 Qh4 17. h3 {[%cal Rf3e4]} Qg3 18. Qf2 Rxh3 {[%csl Gh3][%cal Rg3h2,Bh6h3,Bh3g3,Bg3g5][%mdl 32] [#]} 19. Qxg3 Rxg3 20. Kh2 $1 {[%cal Rh2g3]} Rg5 21. fxe4 dxe4 (21... dxc4 $15 22. b3 cxb3 23. Rxb3 b6) 22. c5 $11 Rf8 23. Rxf8+ ({Don't play} 23. Bxe4 Rxf1 24. Rxf1 Rg4 $17) 23... Kxf8 {[%mdl 4096] Endgame KRB-KRB} 24. e3 Be8 25. Bxe4 Bg6 26. Bxg6 Rxg6 {KR-KR} 27. b4 {[%cal Bb2b4,Bb4b5][%mdl 32]} Ke7 28. b5 {Threatens to win with bxc6.} Kd7 29. a4 Rg4 30. Rf1 Ke8 31. bxc6 bxc6 32. Rb1 {aiming for a5.} a5 {The position is equal.} 33. Rb6 Kd7 34. Rb7+ Kd8 35. Ra7 Re4 36. Rxa5 {Ra8+ is the strong threat.} Rxe3 37. Ra8+ Kd7 38. Ra7+ Kd8 39. a5 Ra3 $1 40. Rxg7 (40. a6 {seems wilder.} g5 41. Ra8+ Kc7 42. a7 h5 43. Kg2) 40... Rxa5 41. Rxh7 Ra3 42. Rh3 Ra2+ 43. Kg3 Rd2 44. Rh4 Rd3+ 45. Kf2 Kc7 46. Ke2 Ra3 47. Rf4 Kd7 48. Rf3 Ra1 49. Ke3 Re1+ 50. Kf4 Rd1 51. Ke3 Re1+ 52. Kd2 Ra1 53. Rf7+ Kd8 54. Kc3 Rb1 55. Rh7 Rb5 56. Rg7 Rb1 57. Rg4 {And now Rg6 would win.} Kd7 58. Kd3 Re1 59. Kd2 Ra1 60. Ke3 Rf1 61. Rf4 Rg1 62. Kf2 Rd1 63. Kg3 Ke7 64. Kh4 Rh1+ 65. Kg5 Rd1 66. Kh5 Rd2 67. Rh4 Rg2 68. Rg4 Rh2+ 69. Kg6 Rd2 70. Kg7 Ra2 71. Kh7 Rh2+ 72. Kg7 Rh1 73. Kg8 {[#] Strongly threatening Rg7+.} Rd1 74. Rg7+ Ke8 75. Rc7 Rxd4 76. Rxc6 Rg4+ 77. Kh7 Rg5 78. Rxe6+ Kf7 79. Kh6 Kxe6 80. Kxg5 {Threatening mate with c6.} Kxe5 81. c6 {Intending c7 and mate.} Kd6 82. c7 Kxc7 {Precision: White = 66%, Black = 89%.} 1/2-1/2

[Event "Saint Louis Invitational A 2017"]
[Site "Saint Louis"]
[Date "2017.11.20"]
[Round "6.1"]
[White "Ashwin, Jayaram"]
[Black "Sadorra, Julio Catalino"]
[Result "1/2-1/2"]
[WhiteElo "2474"]
[BlackElo "2554"]
[Annotator "TA"]
[PlyCount "163"]
[EventDate "2017.??.??"]
[EventType "tourn"]
[EventCountry "USA"]
[SourceTitle "playchess.com"]
[Source "ChessBase"]
[SourceQuality "1"]

{[%evp 19,163,0,0,-14,-19,-10,-7,-37,-7,-13,-22,-3,0,17,19,-52,-47,-53,-47,-31,-17,-16,0,-28,-34,-58,-58,-60,-60,-52,-41,-46,-44,-55,-60,-63,-27,-69,-39,-79,-42,-73,-81,-81,-64,-137,-73,-141,-127,-157,-56,-187,-173,-170,0,-139,-138,-291,-251,-211,-29,-30,0,-215,-81,-72,-72,-71,-25,-31,-11,-24,-5,-17,-4,-22,10,0,0,-3,0,-35,-10,-10,-6,-9,-13,-37,-36,-43,-29,-33,-20,-49,-22,-101,-101,-101,-101,-101,-75,-75,-75,-75,-75,-77,-75,-75,-60,-60,-60,-60,-60,-60,-60,-60,-60,-60,-60,-60,-60,-60,-60,-60,0,-60,-60,-60,-60,-60,-60,-60,-60,-60,-60,-60,-60,-60,-60,-60,-42,-60,0,-60,0,-60]} 1. d4 d5 2. c4 e6 3. Nf3 Nf6 4. g3 Bb4+ 5. Nbd2 dxc4 6. Qc2 O-O 7. Bg2 a5 {E04: Open Catalan: 5 Nf3} 8. Qxc4 b6 9. a3 Ba6 (9... Be7 10. Ne5 Ra7 11. Ndf3 Ba6 12. Qc2 c5 13. Bf4 cxd4 14. Rd1 Nd5 15. Nxd4 Nxf4 16. gxf4 {½-½ (52) Sengupta,D (2586)-Wei,Y (2732) Chengdu 2017}) 10. Qc2 Be7 {LiveBook: 6 Games} 11. Nc4 c5 12. dxc5 Bxc5 13. O-O Nbd7 (13... Qc7 $5 {[%cal Ra6c4]} 14. Nfe5 Bb7 $11) 14. a4 $1 Rc8 {Threatens to win with ...Bxc4.} 15. b3 {[#]} b5 $146 16. axb5 Bxb5 17. Qb2 (17. Bb2 $11) 17... Bxc4 $15 18. bxc4 Nb6 19. Bg5 Nxc4 20. Qa2 Qb6 21. Bxf6 gxf6 22. Nd2 Nxd2 23. Qxd2 Bb4 24. Qf4 Qc5 25. Bb7 Rb8 26. Be4 Qe5 27. Qh4 {[%csl Ge4][%cal Rh4h7]} f5 (27... h6 $5) 28. Bd3 Kh8 29. Kh1 Rg8 30. f3 Bc3 $36 {[%mdl 2048] Keeping White busy.} 31. Ra2 Rg6 32. Rc1 ({Better is} 32. Qc4 $15) 32... Rbg8 (32... Bd4 $142 $1 {...Be3 is the strong threat.} 33. Rf1 Rbg8) 33. Rac2 ({White should try} 33. Qc4 Bb4 34. Rg1) 33... Bb2 $17 34. Rb1 {[#]} Bd4 (34... Qg7 $1 $17 35. Rg1 (35. Rbxb2 $2 Rh6 $19) 35... Be5) 35. Rc4 (35. e4 $15) 35... Be3 $19 36. Qh3 Bd4 37. Qh4 $1 {[#]} Bf2 $1 38. Kg2 $2 (38. Rf1 $17 {was called for.} Be3 39. Qh3) 38... Be3 {And now ...Rh6 would win.} 39. Qh3 Bf4 $2 ({Black should play} 39... Rh6 $19 40. Rh4 Rgg6) 40. Qh4 $1 $11 {[%cal Rh4f4]} Be3 $2 (40... Bd2 $11) 41. Qh3 $1 $19 Bg5 (41... Rh6 $19 42. Rh4 Rgg6) 42. Kf1 $17 Rh6 43. Qg2 Qe3 44. Qg1 Ra8 45. f4 Qxg1+ 46. Kxg1 Bf6 47. Bc2 Rg6 48. e4 Rgg8 49. e5 Bg7 (49... Bd8 {feels hotter.} 50. Rb7 Kg7 51. Rd4 Ra6 52. Rdd7 Rf8) 50. Rb5 Rgb8 51. Rxb8+ Rxb8 $11 {[%mdl 4096] Endgame KRB-KRB} 52. Rc5 Ra8 53. Ba4 Bf8 54. Rc7 Kg8 55. Kg2 Rd8 56. Bd7 Rb8 57. Rc8 (57. Kf3 $11) 57... Rxc8 $17 58. Bxc8 {KB-KB} a4 {[%cal Ba5a4,Ba4a3][%mdl 32] aiming for ...a3.} 59. Ba6 a3 60. Bc4 Bb4 61. h3 Bd2 62. Kf3 h5 {[%cal Bh7h5,Bh5h4][%mdl 32]} 63. g4 h4 64. gxf5 exf5 65. Ba2 Kf8 66. Bb3 Ke7 67. Ba2 f6 68. e6 $1 Kd6 69. Bb3 Bc1 70. Ba2 $1 Kc6 71. Bb3 Bd2 (71... Kc7 $15) 72. Ba2 (72. Ba4+ $1 $11 Kd6 73. Bb3) 72... Kc7 73. Bb3 Kd6 74. Ba2 Kc6 75. Bb3 Bb4 76. Ke3 Bc5+ 77. Kd3 Bd6 78. Ke3 Kc5 {Strongly threatening ...Kb4.} 79. Kd3 Kb5 80. Ba2 Kc5 81. Bb3 $1 Kc6 82. Ke3 $1 {Precision: White = 53%, Black = 45%.} 1/2-1/2

[Event "Saint Louis Invitational A 2017"]
[Site "Saint Louis"]
[Date "2017.11.20"]
[Round "6.2"]
[White "Bartholomew, John"]
[Black "Sturt, Raven"]
[Result "1/2-1/2"]
[WhiteElo "2442"]
[BlackElo "2449"]
[Annotator "TA"]
[PlyCount "116"]
[EventDate "2017.??.??"]
[EventType "tourn"]
[EventCountry "USA"]
[SourceTitle "playchess.com"]
[Source "ChessBase"]
[SourceQuality "1"]

{[%evp 12,116,25,0,12,10,16,12,12,-2,9,0,11,0,0,0,0,-6,0,0,7,11,0,0,0,-16,0,-75,-72,-87,-91,-76,-17,-48,0,-22,3,-12,0,0,67,75,69,76,70,80,147,132,131,130,137,151,133,151,187,192,522,124,128,104,119,96,107,69,67,67,77,69,69,31,32,24,25,25,25,25,25,19,22,23,37,16,16,16,18,17,18,18,23,24,62,65,65,25,25,0,8,8,16,8,8,0,0,0,0,0,8]} 1. d4 d5 2. Nf3 Nf6 3. g3 g6 4. Bg2 Bg7 5. O-O O-O 6. c4 c6 7. Na3 {LiveBook: 37 Games} a6 {D78: Fianchetto Grünfeld: 6 0-0 c6} (7... Bf5 8. Bf4 Nbd7 9. Qc1 Qb6 10. Rd1 Rac8 11. c5 Qa5 12. Nh4 b6 13. Nxf5 gxf5 14. cxb6 Qxb6 15. Rb1 c5 {½-½ (70) Nikolic,P (2618)-Vuckovic,B (2558) Kraljevo 2015}) 8. Bf4 Qb6 $146 ({Predecessor:} 8... b5 9. cxd5 cxd5 10. Rc1 Ne8 11. Qb3 Bb7 12. Ne5 Ra7 13. Qb4 e6 14. Nb1 g5 15. Be3 {½-½ (59) Dimakiling,O (2479)-Ballecer,D (2419) Manila 2008}) 9. Qc1 Bf5 10. c5 Qd8 11. Nh4 Bc8 12. Nc2 Nbd7 13. Nf3 Ne4 14. Bh6 b6 15. Bxg7 Kxg7 16. b4 a5 17. a3 Ba6 18. Re1 bxc5 19. dxc5 (19. bxc5 $11 Rb8 20. Qe3) 19... e5 $17 20. Ne3 f5 21. Nd2 Nef6 (21... Ng5 $17) 22. Nb3 $11 axb4 23. axb4 Qe7 24. Na5 Qe6 25. f4 Rab8 (25... Bb5 $11) 26. fxe5 $1 $14 Nxe5 27. Qc3 Bb5 28. Nb3 Qe7 ({Black should play} 28... Nc4 29. Nxc4 Bxc4) 29. Nd4 $16 Kg8 30. Ra5 Ne4 31. Bxe4 $1 fxe4 32. Nxb5 Rxb5 33. Rxb5 Qf6 $2 {[#]} (33... cxb5 {is more resistant.} 34. Qd4 (34. Nxd5 Qf7 $18) 34... Qe6) 34. Kh1 $2 (34. Ng4 $1 $18 {[%cal Rg4f6]} Nxg4 35. Qxf6 Rxf6 36. Rb6) 34... cxb5 35. Rf1 ({Don't play} 35. Nxd5 Qf2 $14) 35... Qe6 36. Rxf8+ Kxf8 37. Qd4 Nc6 $1 {[%cal Rc6d4]} 38. Qxd5 Qxd5 39. Nxd5 $14 {[%mdl 4096] Endgame KN-KN} Kf7 40. Nc3 Nxb4 41. Nxe4 Ke6 42. Nc3 Na6 43. Nxb5 {And now c6 would win.} Nxc5 44. Kg2 Ke5 45. Kf3 Ne4 46. Na3 Nd2+ 47. Kf2 h5 48. Nc2 g5 49. Ne1 {Black must now prevent Nf3+.} Ne4+ 50. Ke3 Nc3 51. Nd3+ Kf5 52. Kf3 Ne4 53. Nf2 Nd2+ {The position is equal.} 54. Kg2 Ke5 55. Nd3+ Kd4 56. h4 gxh4 57. Nf4 hxg3 58. Nxh5 Ke3 {Precision: White = 59%, Black = 57%.} 1/2-1/2

[Event "Saint Louis Invitational A 2017"]
[Site "Saint Louis"]
[Date "2017.11.20"]
[Round "6.3"]
[White "Chirila, Ioan-Cristian"]
[Black "Hambleton, Aman"]
[Result "1-0"]
[WhiteElo "2557"]
[BlackElo "2484"]
[Annotator "TA"]
[PlyCount "55"]
[EventDate "2017.??.??"]
[EventType "tourn"]
[EventCountry "USA"]
[SourceTitle "playchess.com"]
[Source "ChessBase"]
[SourceQuality "1"]

{[%evp 19,55,0,0,0,0,0,11,3,10,15,19,20,22,0,0,0,10,0,0,0,0,0,33,0,75,40,124,144,569,563,759,759,759,759,841,827,956,905]} 1. Nf3 b6 2. g3 Bb7 3. Bg2 Nf6 4. O-O g6 5. d4 c5 6. c3 Bg7 7. Qb3 cxd4 8. Ne5 d5 9. cxd4 O-O 10. Nc3 Nc6 {LiveBook: 7 Games. A49: 1 d4 Nf6 2 Nf3 g6 3 g3: Anti-King's Indian systems} 11. Rd1 e6 12. Bf4 Nxe5 $146 {The position is equal.} ({Predecessor:} 12... Rc8 13. Rac1 Nh5 14. Nb5 Nxf4 15. gxf4 a6 16. Nc3 Na5 17. Qb4 f6 {1-0 (42) Debevec,B (2139)-Akesson,R (2428) Maribor 2015}) 13. Bxe5 Qd7 14. a4 {[%cal Ba2a4,Ba4a5,Ba5a6][%mdl 32]} Bc6 15. a5 Qb7 16. a6 Qd7 17. e3 Ne8 18. e4 $36 {[%mdl 2048] White is more active.} dxe4 19. Bxe4 Bxe4 20. Nxe4 Rc8 21. Nc3 f6 (21... h5 $11) 22. Bf4 g5 {[#]} ({Better is} 22... Rf7 $14) 23. d5 $1 $16 {[%cal Bd4d5,Bd5e6,Be6e7][%mdl 32]} gxf4 $2 {[%mdl 8192]} (23... e5 $16 {is more resistant.}) 24. dxe6 $18 {White is clearly winning.} Qc6 25. e7+ Rf7 26. Rd8 f5 27. Qd5 Qc7 28. Nb5 {Precision: White = 65%, Black = 29%.} 1-0

[Event "Saint Louis Invitational A 2017"]
[Site "Saint Louis"]
[Date "2017.11.20"]
[Round "6.4"]
[White "Shetty, Atulya"]
[Black "Gurevich, Daniel"]
[Result "1/2-1/2"]
[WhiteElo "2403"]
[BlackElo "2471"]
[Annotator "TA"]
[PlyCount "125"]
[EventDate "2017.??.??"]
[EventType "tourn"]
[EventCountry "USA"]
[SourceTitle "playchess.com"]
[Source "ChessBase"]
[SourceQuality "1"]

{[%evp 20,125,16,0,0,0,0,-15,-9,-19,0,-5,-5,-1,0,-30,-40,-49,-40,-41,-9,-18,-22,-11,0,0,0,-39,-39,-39,47,0,0,-10,0,-9,-14,-14,-14,-10,-8,-58,-61,-66,-67,-75,-75,-75,-75,-75,-75,-75,-75,-75,-75,-110,-75,-93,-75,-75,-77,-151,-70,-80,-77,-151,-151,-151,-151,-179,-179,-179,-179,-224,-151,-151,-75,-75,-75,-75,-75,-75,-75,-75,-75,-151,-151,-279,-75,-290,-244,-233,-147,-225,-404,-404,-404,-411,-411,-411,-58,-58,0,0,0,0,0,0]} 1. c4 e5 2. g3 Nf6 3. Bg2 d5 4. cxd5 Nxd5 5. Nc3 Nb6 6. Nf3 Nc6 7. O-O Be7 8. b3 O-O 9. Bb2 Re8 {A29: English Opening: Four Knights Variation with 4 g3} (9... f6 10. Rc1 Be6 11. Ne4 Bd5 12. Qc2 Nb4 13. Qb1 Nxa2 14. Nxf6+ Bxf6 15. Qxa2 e4 16. Nd4 Qd7 17. Qb1 Rae8 18. e3 c6 {½-½ (45) Topalov,V (2754)-Giri,A (2790) Stavanger 2016}) 10. Rc1 Bg4 11. d3 {LiveBook: 5 Games} Qd7 12. Ne4 f6 13. Nc5 Bxc5 $1 14. Rxc5 Bh3 15. Bxh3 Qxh3 16. b4 a6 17. a4 $146 ({Predecessor:} 17. Qb3+) 17... Qe6 18. a5 Nd5 19. Ba3 b6 20. Rc1 Rad8 21. Qb3 Nd4 22. Nxd4 exd4 23. Bb2 bxa5 24. bxa5 Kh8 (24... Rb8 $15 25. Qa3 Rb4) 25. Bxd4 Qxe2 26. Qd1 Qe6 (26... Nf4 {is more complex.} 27. gxf4 Rxd4 28. Qxe2 Rxe2 29. Kh1 Rxf4 30. Rxc7 h5) 27. Re1 Qxe1+ 28. Qxe1 Rxe1+ 29. Rxe1 $11 {[%mdl 4096] Endgame KRB-KRN} Kg8 30. Bc5 Rb8 31. Be3 Rb3 32. Rc1 Rxd3 33. Rc6 Nxe3 34. fxe3 $17 {KR-KR} Rd6 35. Rxc7 Rd5 36. Kg2 Rxa5 37. Ra7 h5 38. h4 Kh7 39. e4 Kg6 40. Kf3 (40. Ra8 $142) 40... Ra1 ({Better is} 40... Ra3+ $17 41. Kf4 Ra1) 41. Kf2 a5 {[%cal Ba6a5,Ba5a4,Ba4a3,Ba3a2][%mdl 32]} 42. Kf3 (42. Ra8 $142) 42... a4 43. Kf2 a3 44. Kg2 a2 {...Kh7 is the strong threat.} 45. Kh2 Kh7 $1 {[%cal Rh7g8]} 46. Ra8 g6 47. Ra7+ Kg8 (47... Kh6 $142 48. Kg2 g5) 48. Kg2 Kf8 {aiming for ...Ke8.} 49. Kh2 Ke8 50. Kg2 Kd8 {Hoping for ...Kc8.} 51. Kh2 Kc8 {And now ...Kb8 would win.} 52. Kg2 Kb8 53. Ra3 (53. Ra4 $17 Kb7 54. Ra3) 53... Kb7 $19 54. Ra4 $2 {[#]} (54. Ra5 $17 Kb6 55. Ra8) 54... Kb6 $1 {[%cal Rb6c5]} 55. Ra8 {[#]} Kb5 $1 {[%cal Rb5b4]} 56. Rb8+ (56. Ra3 $17 {was called for.} Kc4 57. Ra7) 56... Kc4 57. Rc8+ Kd3 58. Rd8+ Ke3 {( -> ...Rg1+!)} 59. Ra8 Rd1 $2 ({Black should play} 59... Kxe4 $19 60. Ra3 Kd4) 60. Rxa2 $15 Rd2+ (60... Kxe4 $15 61. Re2+ Kf5 62. Rf2+ Ke6 63. Re2+ Kf7) 61. Rxd2 $11 {The position is equal.} Kxd2 62. Kf2 $1 Kd1 {Strongly threatening ...Kd2.} 63. Kf1 {Precision: White = 53%, Black = 62%.} 1/2-1/2

[Event "Saint Louis Invitational A 2017"]
[Site "Saint Louis"]
[Date "2017.11.20"]
[Round "6.5"]
[White "Zierk, Steven"]
[Black "Burke, John M"]
[Result "0-1"]
[WhiteElo "2493"]
[BlackElo "2502"]
[Annotator "TA"]
[PlyCount "58"]
[EventDate "2017.??.??"]
[EventType "tourn"]
[EventCountry "USA"]
[SourceTitle "playchess.com"]
[Source "ChessBase"]
[SourceQuality "1"]

{[%evp 17,58,0,0,-33,-31,-26,33,-68,-68,-70,-33,-81,-36,-41,-35,-41,-45,-81,-54,-45,-77,-197,-195,-319,-305,-302,-300,-386,-389,-393,-364,-383,-379,-425,-414,-425,-423,-414,-418,-404,-401,-483,-472]} 1. e4 c5 2. Nf3 d6 3. d4 cxd4 4. Nxd4 Nf6 5. Nc3 a6 6. Be3 e6 7. Bc4 b5 8. Bb3 Be7 9. a3 O-O {LiveBook: 8 Partien} 10. g4 {B86: Sizilianisch (Sosin-Angriff)} (10. f3 Bd7 11. g4 Nc6 12. g5 Ne8 13. Nxc6 Bxc6 14. h4 a5 15. Qd4 Nc7 16. Rd1 Na6 17. h5 Bxg5 {½-½ (27) Warzecha,H (2439)-Gappel,H (2424) Remote email 2014}) 10... Bb7 11. f3 d5 (11... Nc6 $11) 12. e5 ({Besser ist} 12. g5 $14 Nfd7 13. exd5 Bxg5 14. Qd2 Bxe3 15. Qxe3 exd5 16. O-O-O) 12... Nfd7 $15 {[%cal Bf6d7,Bd7b6,Bb6c4,Bc4e3][%mdl 32]} 13. f4 Nc6 (13... Bh4+ {seems wilder.} 14. Kd2 g5 15. Qf3 Nc5 16. Kc1 Nc6) 14. O-O $146 ({Vorgänger:} 14. Nce2 Na5 15. c3 Nc4 16. Bc1 Qb6 17. Bc2 f6 {0-1 (33) Weiss-Bialas,W Bad Pyrmont 1963}) 14... Nb6 15. Nxc6 Bxc6 16. Bd4 Nc4 17. f5 exf5 (17... Nxb2 18. Qc1 $16) 18. gxf5 {Und f6 würde nun gewinnen.} Bc5 $1 $36 {[%mdl 2048] Weiss muss aufpassen.} 19. Rf2 {[#]} (19. f6 $17 {kämpft weiter.} Ne3 20. Qd3 Bxd4 21. Qxd4 Nxf1 22. Rxf1) 19... Ne3 $1 $19 ({Viel schwächer ist} 19... Nxb2 20. Qg4 $15) 20. Qd2 (20. Qd3 $142 Qg5+ 21. Kh1 Bxd4 22. Qxd4 Nxf5 23. Qf4 Qxf4 24. Rxf4 d4+ 25. Bd5) 20... Qg5+ ({Bloß nicht} 20... Bxd4 21. Qxd4 Qg5+ 22. Kh1 $17) 21. Kh1 {Und weiter mit Se4 wäre nett.} Qh4 ({Jedoch nicht} 21... Bxd4 22. Qxd4 Nxf5 23. Qb6 $19) 22. Bxc5 {zielt auf Ld4 ab.} d4+ $1 23. Nd5 Nxd5 24. Bxd5 Bxd5+ 25. Kg1 Rfc8 26. b4 {Weiss will Df4 spielen.} Qg4+ 27. Rg2 Bxg2 28. Qxg2 Qxf5 29. Bxd4 Qxc2 {Precision: Weiß = 38%, Schwarz = 63%.} 0-1

[Event "Saint Louis Invitational A 2017"]
[Site "Saint Louis"]
[Date "2017.11.20"]
[Round "7"]
[White "Sadorra, Julio Catalino"]
[Black "Bartholomew, John"]
[Result "1/2-1/2"]
[WhiteElo "2554"]
[BlackElo "2442"]
[Annotator "TA"]
[PlyCount "63"]
[EventDate "2017.??.??"]
[EventType "tourn"]
[EventCountry "USA"]
[SourceTitle "playchess.com"]
[Source "ChessBase"]
[SourceQuality "1"]

{[%evp 13,63,0,0,5,16,-3,10,-5,14,12,6,-4,-4,0,0,-105,-105,-105,-105,-105,-105,-105,-105,-105,-103,-116,-102,-108,-80,-83,-89,-88,-81,-82,-80,-73,-72,-86,-55,-51,-43,-62,-17,-17,0,0,0,0,0,0,0,-22]} 1. Nf3 d5 2. e3 Nf6 3. c4 c6 4. Nc3 g6 5. b3 Bg7 6. Bb2 O-O 7. Be2 dxc4 {LiveBook: 3 Games. A11: English Opening: 1...c6} (7... Bg4 8. O-O e6 9. Qc2 a5 10. h3 Bxf3 11. Bxf3 Nbd7 12. Rfd1 Qb8 13. Rac1 Rd8 14. g3 h5 15. Bg2 Nb6 {½-½ (52) Grischuk,A (2728)-Kamsky,G (2723) Moscow 2008}) 8. Bxc4 c5 9. d4 cxd4 10. Nxd4 Bd7 11. O-O Nc6 12. Nd5 Rc8 $146 ({Predecessor:} 12... Ne5 13. Nxf6+ Bxf6 14. Be2 Qb6 15. a4 a5 16. Nb5 Rad8 17. Bd4 Qe6 18. f4 {1-0 (48) Kunal,M (2336)-Brunello,S (2552) New Delhi 2015}) 13. Nxc6 Bxc6 14. e4 (14. Nxf6+ $11 Bxf6 15. Bxf6 exf6 16. Qxd8 Rcxd8 17. Rfd1) 14... Nxe4 $17 15. Bxg7 Kxg7 16. Re1 e6 {[%cal Be7e6,Be6d5][%mdl 32]} 17. Rxe4 {[#] Black must now prevent Qd4+.} exd5 18. Rd4 {[%cal Rc4d5]} Qf6 19. Be2 Rfe8 20. Bf3 Re1+ 21. Qxe1 Qxd4 22. Rd1 Re8 23. Qa5 b6 24. Rxd4 bxa5 {[%cal Re8e1][%mdl 4096] [#] Endgame KRB-KRB} 25. Rd1 Rb8 26. Rc1 Rb6 27. Kf1 a4 28. bxa4 {The position is equal.} Bxa4 {...Bb5+ is the strong threat.} 29. Bxd5 Bb5+ 30. Ke1 Bd7 31. Rc7 Be6 32. Bxe6 {Precision: White = 60%, Black = 68%.} 1/2-1/2